British journal of neurosurgery

Bibliographic Details
Corporate Author: Society of British Neurological Surgeons
Format: Electronic Journal
Language:English
Published: London : Informa Healthcare
Subjects:
Online Access:Full text available from Research Library: 10/01/1997 to 10/31/2000

MARC

LEADER 00000nas a2200000 a 4500
001 ssj0012507
003 WaSeSS
005 20200512172242.0
006 m d
007 cr n
008 971110c19879999enkbx pss 0 0eng c
010 |a  2007233110 
015 |a GBA605239  |2 bnb 
016 7 |a 1499131-7  |2 DE-600 
016 7 |a 013357656  |2 Uk 
022 |a 1360-046X  |l 0268-8697  |y 0268-8697 
035 |a (WaSeSS)ssj0012507 
040 |a F#A  |b eng  |c F#A  |d OCL  |d EYM  |d OCLCQ  |d GUA  |d OCLCQ  |d HEBIS  |d FQM  |d M6U  |d OCLCQ  |d OCLCO  |d OCLCF  |d OCLCQ  |d WT2  |d OCLCO  |d UKMGB  |d OCLCA  |d OCLCQ  |d TOF  |d WYU  |d OCLCO  |d OCLCA  |d VT2  |d U3W  |d OCLCO  |d OCLCA  |d OCLCQ  |d OCLCA  |d WaSeSS 
042 |a pcc 
050 1 4 |a RD593 
060 4 |a INTERNET 
082 0 4 |a 617.48 
130 0 |a British journal of neurosurgery (Online) 
245 1 0 |a British journal of neurosurgery  |h [electronic resource]. 
260 |a London :  |b Informa Healthcare 
310 |a Six issues yearly 
362 1 |a Print began with vol. 1, no. 1, published in 1987. 
506 |a License restrictions may limit access. 
538 |a Mode of access: World Wide Web. 
550 |a Published in association with the Society of British Neurological Surgeons. 
588 0 |a Vol. 9, issue 1 (Mar. 1995); title from issue contents screen (Informaworld, viewed Apr. 3, 2007). 
588 1 |a Vol. 21, issue 1 (2007), viewed Apr. 3, 3007. 
650 0 |a Nervous system  |x Surgery  |v Periodicals. 
650 2 |a Neurosurgery. 
650 2 |a Neurosurgical Procedures. 
650 7 |a Nervous system  |x Surgery.  |2 fast  |0 (OCoLC)fst01036143 
655 0 |a Electronic journals. 
710 2 |a Society of British Neurological Surgeons. 
776 0 8 |i Print version:  |t British journal of neurosurgery  |x 0268-8697  |w (DLC)sn 88026253  |w (OCoLC)16716669 
856 4 0 |z Full text available from Research Library: 10/01/1997 to 10/31/2000  |u https://search.proquest.com/publication/33046